[Event "XVI. DBMM Schach"]
[Site "Dresden"]
[Date "2016.11.05"]
[Round "4.1"]
[White "Segerberg, Tomas"]
[Black "Gohil, Harry"]
[Result "1/2-1/2"]
[WhiteElo "2075"]
[BlackElo "2322"]
[Annotator "br"]
[PlyCount "160"]
[EventDate "2016.11.??"]
[SourceTitle "XVI. DBMM 2016"]
[Source "FV Schach e.V."]
[SourceDate "2017.06.14"]
[SourceVersion "1"]
[SourceVersionDate "2017.06.14"]
[SourceQuality "1"]
[WhiteTeam "Europaeisches Patentamt Muenchen"]
[BlackTeam "Commerzbank Frankfurt"]
[WhiteTeamCountry "GER"]
[BlackTeamCountry "GER"]

1. e4 c5 2. Nf3 Nc6 3. Bb5 d6 4. Bxc6+ bxc6 5. e5 dxe5 6. Nxe5 Qd5 7. Nf3 Qe6+
8. Qe2 Qxe2+ 9. Kxe2 Ba6+ 10. d3 c4 11. Rd1 cxd3+ 12. cxd3 f6 13. b3 e5 14. Ba3
Ne7 15. Bxe7 Bxe7 16. Nbd2 Kf7 17. Rac1 Rhd8 18. Nc4 Rd5 19. Ne1 Rad8 20. f3
Ke6 21. Ne3 R5d6 22. Nc4 R6d7 23. Na5 c5 24. Nc6 Rc8 25. Nxe7 Kxe7 26. Rc3 Rdc7
27. Nc2 f5 28. Ne3 Ke6 29. Nc4 g5 30. Kd2 Kf6 31. Re1 Bxc4 32. Rxc4 h5 33. Ra4
Rb8 34. Rc1 g4 35. Ke2 Ke6 36. Rac4 Kd6 37. Rf1 f4 38. g3 fxg3 39. hxg3 gxf3+
40. Rxf3 Rg8 41. Rf6+ Kd5 42. Rh6 Rxg3 43. Rxh5 Rg2+ 44. Kf3 Rcg7 45. Rh3 Rxa2
46. b4 cxb4 47. Rxb4 a6 48. Rb8 Rgg2 49. Rd8+ Kc5 50. Ke4 Rge2+ 51. Re3 Ra4+
52. Kf3 Rxe3+ 53. Kxe3 Rh4 54. Re8 Rh5 55. Rc8+ Kb5 56. Rb8+ Ka4 57. Ke4 a5 58.
d4 exd4 59. Kxd4 Ka3 60. Kc3 Rc5+ 61. Kd2 Ka2 62. Ra8 Ka3 63. Rb8 a4 64. Rb1
Ka2 65. Rb4 a3 66. Rb6 Rc4 67. Rb7 Rh4 68. Rc7 Kb2 69. Rb7+ Ka1 70. Rc7 Rh6 71.
Kc2 Rh2+ 72. Kc1 Rb2 73. Rc8 Ka2 74. Rc7 Ka1 75. Rc8 a2 76. Rc7 Rh2 77. Rc8
Rh1+ 78. Kc2 Rh2+ 79. Kc1 Rh1+ 80. Kc2 Rh2+ 1/2-1/2

[Event "XVI. DBMM Schach"]
[Site "Dresden"]
[Date "2016.11.05"]
[Round "4.2"]
[White "du Maire, Jerome"]
[Black "Heer, Stephan"]
[Result "1/2-1/2"]
[WhiteElo "2170"]
[BlackElo "2134"]
[Annotator "br"]
[PlyCount "20"]
[EventDate "2016.11.??"]
[SourceTitle "XVI. DBMM 2016"]
[Source "FV Schach e.V."]
[SourceDate "2017.06.14"]
[SourceVersion "1"]
[SourceVersionDate "2017.06.14"]
[SourceQuality "1"]
[WhiteTeam "Commerzbank Frankfurt"]
[BlackTeam "Europaeisches Patentamt Muenchen"]
[WhiteTeamCountry "GER"]
[BlackTeamCountry "GER"]

1. d4 c5 2. d5 e5 3. e4 d6 4. Bb5+ Nd7 5. a4 a6 6. Be2 Be7 7. Nf3 Ngf6 8. Nc3
O-O 9. O-O Ne8 10. a5 g6 1/2-1/2

[Event "XVI. DBMM Schach"]
[Site "Dresden"]
[Date "2016.11.05"]
[Round "4.3"]
[White "Bohnhoff, Peter"]
[Black "Hummel, Dennis"]
[Result "1/2-1/2"]
[WhiteElo "2060"]
[BlackElo "2029"]
[Annotator "br"]
[PlyCount "38"]
[EventDate "2016.11.??"]
[SourceTitle "XVI. DBMM 2016"]
[Source "FV Schach e.V."]
[SourceDate "2017.06.14"]
[SourceVersion "1"]
[SourceVersionDate "2017.06.14"]
[SourceQuality "1"]
[WhiteTeam "Europaeisches Patentamt Muenchen"]
[BlackTeam "Commerzbank Frankfurt"]
[WhiteTeamCountry "GER"]
[BlackTeamCountry "GER"]

1. d4 e6 2. Nf3 Nf6 3. e3 b6 4. Bd3 Bb7 5. O-O Be7 6. b3 d6 7. Bb2 Nbd7 8. c4
O-O 9. Nc3 c5 10. d5 exd5 11. cxd5 Re8 12. e4 Bf8 13. Nd2 a6 14. a4 g6 15. f4
Nh5 16. Qf3 Ng7 17. Qg3 Nf6 18. Rfe1 Rb8 19. Rab1 Bc8 1/2-1/2

[Event "XVI. DBMM Schach"]
[Site "Dresden"]
[Date "2016.11.05"]
[Round "4.4"]
[White "Fischer, Alexander"]
[Black "Jachs, Walter"]
[Result "1/2-1/2"]
[WhiteElo "2038"]
[BlackElo "1998"]
[Annotator "br"]
[PlyCount "55"]
[EventDate "2016.11.??"]
[SourceTitle "XVI. DBMM 2016"]
[Source "FV Schach e.V."]
[SourceDate "2017.06.14"]
[SourceVersion "1"]
[SourceVersionDate "2017.06.14"]
[SourceQuality "1"]
[WhiteTeam "Commerzbank Frankfurt"]
[BlackTeam "Europaeisches Patentamt Muenchen"]
[WhiteTeamCountry "GER"]
[BlackTeamCountry "GER"]

1. d4 Nf6 2. c4 g6 3. Nc3 d5 4. cxd5 Nxd5 5. e4 Nxc3 6. bxc3 Bg7 7. Qa4+ Nd7 8.
Be3 O-O 9. Rc1 c5 10. Bd3 Nb6 11. Qa3 cxd4 12. cxd4 Bxd4 13. Bxd4 Qxd4 14. Nf3
Qd6 15. Qxd6 exd6 16. Rc7 Be6 17. Rxb7 Na4 18. Kd2 Rfc8 19. a3 Nc5 $11 20. Rbb1
Rab8 21. Bc2 Bb3 22. Bxb3 Nxb3+ 23. Kd3 a5 24. Rhd1 Kf8 25. Nd2 Nxd2 26. Kxd2
Ke7 27. g3 Ke6 28. h4 1/2-1/2

[Event "XVI. DBMM Schach"]
[Site "Dresden"]
[Date "2016.11.05"]
[Round "4.1"]
[White "Feikes, Joerg"]
[Black "Seger, Ruediger"]
[Result "0-1"]
[WhiteElo "1968"]
[BlackElo "2372"]
[Annotator "jf"]
[PlyCount "104"]
[EventDate "2016.11.??"]
[SourceTitle "XVI. DBMM 2016"]
[Source "FV Schach e.V."]
[SourceDate "2017.06.14"]
[SourceVersion "1"]
[SourceVersionDate "2017.06.14"]
[SourceQuality "1"]
[WhiteTeam "BA Tempelhof Berlin"]
[BlackTeam "Deutsche Post Bonn"]
[WhiteTeamCountry "GER"]
[BlackTeamCountry "GER"]

1. e4 c6 2. d4 d5 3. Nc3 dxe4 4. Nxe4 Bf5 5. Ng3 Bg6 6. Nf3 Nd7 7. Bd3 e6 8.
O-O Ngf6 9. Re1 Be7 10. c4 O-O 11. Bxg6 hxg6 12. Bd2 b5 13. b3 a5 14. Qe2 Qb6
15. Bc3 a4 16. Qc2 Qa6 17. Ne5 Rfd8 18. Nxg6 fxg6 19. Rxe6 axb3 20. axb3 Qxa1+
21. Bxa1 Rxa1+ 22. Nf1 Bb4 23. cxb5 cxb5 24. Qc7 Rda8 25. g4 Nf8 26. Re2 Rd1
27. Kg2 Rxd4 28. Ne3 Ne6 29. Qc6 Nf4+ 30. Kf3 Rf8 31. Ra2 N4d5 32. Ra8 Nxe3 33.
Rxf8+ Bxf8 34. Kxe3 Rxg4 35. Qxb5 Rb4 36. Qd3 g5 37. f3 g4 38. Ke2 gxf3+ 39.
Kxf3 Rh4 40. Kg3 Re4 41. Kf3 Kf7 42. h3 g6 43. Qc2 Bd6 44. Qc6 Ke6 45. Qc2 Rf4+
46. Kg2 Ne4 47. Qc8+ Kf6 48. Qh8+ Kf5 49. Qc8+ Ke5 50. Qe8+ Kd4 51. Qxg6 Rf2+
52. Kg1 Bh2+ 0-1

[Event "XVI. DBMM Schach"]
[Site "Dresden"]
[Date "2016.11.05"]
[Round "4.3"]
[White "Neumann, Christian"]
[Black "Dehmel, Jens"]
[Result "0-1"]
[WhiteElo "1945"]
[BlackElo "2075"]
[Annotator "br"]
[PlyCount "98"]
[EventDate "2016.11.??"]
[SourceTitle "XVI. DBMM 2016"]
[Source "FV Schach e.V."]
[SourceDate "2017.06.14"]
[SourceVersion "1"]
[SourceVersionDate "2017.06.14"]
[SourceQuality "1"]
[WhiteTeam "BA Tempelhof Berlin"]
[BlackTeam "Deutsche Post Bonn"]
[WhiteTeamCountry "GER"]
[BlackTeamCountry "GER"]

1. d4 d5 2. c4 c6 3. Bf4 Nf6 4. e3 Bf5 5. Nf3 e6 6. Be2 h6 7. O-O Be7 8. Nbd2
O-O 9. c5 Nh5 10. Be5 Nd7 11. b4 f6 12. Nh4 Bh7 13. Bd6 Bxd6 14. cxd6 f5 15.
Nxf5 Bxf5 16. Bxh5 Nf6 17. Be2 Qxd6 18. b5 e5 19. Nb3 exd4 20. Nxd4 Bg6 21.
bxc6 bxc6 22. Rc1 c5 23. Nb5 Qb6 24. Nc3 Qc6 25. Bf3 Rfd8 26. Qb3 c4 27. Qb4 a5
28. Qb2 Qc5 29. Rfd1 Rab8 30. Qd2 Bd3 31. Be2 Ne4 32. Nxe4 dxe4 33. h3 Rdc8 34.
Rc3 a4 35. Rdc1 Qb5 36. Bg4 Rc6 37. Bd7 Qc5 38. Bxc6 Qxc6 39. Qd1 Qb5 40. Ra3
Qb2 41. Rcc3 Kh8 42. Qe1 Rb4 43. f3 exf3 44. gxf3 Rb6 45. Qg3 Kh7 46. Kh1 Rg6
47. Qxg6+ Kxg6 48. f4 Bf1 49. f5+ Kxf5 0-1

[Event "XVI. DBMM Schach"]
[Site "Dresden"]
[Date "2016.11.05"]
[Round "4.4"]
[White "Lunnebach, Oliver"]
[Black "Baranowsky, Peter"]
[Result "1-0"]
[WhiteElo "2109"]
[BlackElo "2009"]
[Annotator "pb"]
[PlyCount "117"]
[EventDate "2016.11.??"]
[SourceTitle "XVI. DBMM 2016"]
[Source "FV Schach e.V."]
[SourceDate "2017.06.14"]
[SourceVersion "1"]
[SourceVersionDate "2017.06.14"]
[SourceQuality "1"]
[WhiteTeam "Deutsche Post Bonn"]
[BlackTeam "BA Tempelhof Berlin"]
[WhiteTeamCountry "GER"]
[BlackTeamCountry "GER"]

1. d4 d5 2. c4 e6 3. Nf3 c6 4. Qc2 Bd6 5. g3 Nf6 6. Bg2 Ne4 7. O-O O-O 8. Ne1
f5 9. Nd3 Nd7 10. Bf4 Qe7 11. f3 Bxf4 12. Nxf4 Nef6 13. Nd3 e5 14. dxe5 Nxe5
15. Nxe5 Qxe5 16. Na3 f4 17. gxf4 Qxf4 18. Qc1 Qh4 19. e3 Bh3 20. Bxh3 Qxh3 21.
Qd2 Rad8 22. c5 Rfe8 23. Nc2 Re5 24. Rae1 Rg5+ 25. Kh1 Nh5 26. Rg1 Ng3+ 27.
Rxg3 Rxg3 28. Nd4 Rf8 29. Qf2 Rg6 30. b4 a6 31. a4 Rg4 32. Rf1 Rf6 33. Qe2 Rh4
34. Rf2 Rg6 35. b5 axb5 36. axb5 Qg3 37. Rf1 Rgh6 38. Rf2 Rg6 39. Rf1 Rgh6 40.
Rf2 Rg6 41. Rf1 Qe5 42. Qd2 Rgh6 43. Rf2 cxb5 44. Rg2 b4 45. Nb3 Re6 46. e4 Rh5
47. Qxb4 dxe4 48. Nd4 Reh6 49. Qd2 e3 50. Qa2+ Qd5 51. Qa8+ Kf7 52. c6 Rxh2+
53. Rxh2 Rxh2+ 54. Kxh2 Qh5+ 55. Kg2 Qg5+ 56. Kf1 Qf4 57. Qxb7+ Kg6 58. Qb1+
Kh6 59. Qe4 1-0

[Event "XVI. DBMM Schach"]
[Site "Dresden"]
[Date "2016.11.05"]
[Round "4.1"]
[White "Hoffmann, Hendrik"]
[Black "Hohlfeld, Wolfgang"]
[Result "1/2-1/2"]
[WhiteElo "2266"]
[BlackElo "2102"]
[Annotator "br"]
[PlyCount "47"]
[EventDate "2016.11.??"]
[SourceTitle "XVI. DBMM 2016"]
[Source "FV Schach e.V."]
[SourceDate "2017.06.14"]
[SourceVersion "1"]
[SourceVersionDate "2017.06.14"]
[SourceQuality "1"]
[WhiteTeam "le-tex Publishing Services Leipzig"]
[BlackTeam "Baubehoerde Hamburg"]
[WhiteTeamCountry "GER"]
[BlackTeamCountry "GER"]

1. e4 c5 2. Nf3 d6 3. d4 cxd4 4. Nxd4 Nf6 5. Nc3 g6 6. Be2 Bg7 7. O-O Nc6 8.
Nb3 O-O 9. Re1 Be6 10. Bf1 Rc8 11. Bg5 Ne5 12. Nd5 Nc4 13. Bxc4 Rxc4 14. Nxf6+
exf6 15. Be3 Rxe4 16. Bxa7 Rxe1+ 17. Qxe1 Qc7 18. Qb4 Qxc2 19. Nd4 Qe4 20. Qxd6
Bxa2 21. Nf3 f5 $11 22. Re1 Qc6 23. Qb4 Bd5 24. Nd4 1/2-1/2

[Event "XVI. DBMM Schach"]
[Site "Dresden"]
[Date "2016.11.05"]
[Round "4.2"]
[White "Hein, Ralf"]
[Black "Heinrich, Thomas"]
[Result "1/2-1/2"]
[WhiteElo "2047"]
[BlackElo "2224"]
[Annotator "br"]
[PlyCount "120"]
[EventDate "2016.11.??"]
[SourceTitle "XVI. DBMM 2016"]
[Source "FV Schach e.V."]
[SourceDate "2017.06.14"]
[SourceVersion "1"]
[SourceVersionDate "2017.06.14"]
[SourceQuality "1"]
[WhiteTeam "Baubehoerde Hamburg"]
[BlackTeam "le-tex Publishing Services Leipzig"]
[WhiteTeamCountry "GER"]
[BlackTeamCountry "GER"]

1. c4 Nf6 2. Nc3 g6 3. e4 d6 4. g3 Bg7 5. Bg2 c5 6. Nge2 Nc6 7. O-O O-O 8. d3
Bd7 9. Rb1 Rb8 10. a3 Ne8 11. b4 b6 12. b5 Nd4 13. Nxd4 cxd4 14. Ne2 Nc7 15. f4
f5 16. a4 a5 17. Bb2 Ne6 18. exf5 gxf5 19. Bd5 Qc7 20. Qe1 Kh8 21. Bxe6 Bxe6
$11 22. Nxd4 Qc5 23. Qf2 Bd7 24. Nf3 Rbc8 25. Qxc5 Rxc5 26. Rfe1 Re8 27. Re3 h6
28. Bd4 Bxd4 29. Nxd4 e5 30. Rbe1 e4 31. Nb3 Rcc8 32. Nd2 Be6 33. dxe4 Bxc4 34.
exf5 Rxe3 35. Rxe3 Bf7 36. Rd3 d5 37. Kf2 Kg7 38. g4 Kf6 39. h3 Rc1 40. Nf3 Rc4
41. Rd4 Rc2+ 42. Ke3 Rc3+ 43. Rd3 Rc4 44. Ne5 Rxa4 45. Nd7+ Ke7 46. Nxb6 Re4+
47. Kf3 Kd6 48. Rb3 Be8 49. Rd3 Bf7 50. g5 hxg5 51. fxg5 Ke5 52. f6 Rb4 $11 53.
Re3+ Kf5 54. Re7 Bh5+ 55. Ke3 Kxg5 56. Nxd5 Rxb5 57. Re5+ Kh6 58. Kf4 Bf7 59.
Ne3 Rxe5 60. Kxe5 Kg6 1/2-1/2

[Event "XVI. DBMM Schach"]
[Site "Dresden"]
[Date "2016.11.05"]
[Round "4.3"]
[White "Rohne, Lars"]
[Black "Kaliski, Achim"]
[Result "1-0"]
[WhiteElo "2152"]
[BlackElo "1976"]
[Annotator "br"]
[PlyCount "99"]
[EventDate "2016.11.??"]
[SourceTitle "XVI. DBMM 2016"]
[Source "FV Schach e.V."]
[SourceDate "2017.06.14"]
[SourceVersion "1"]
[SourceVersionDate "2017.06.14"]
[SourceQuality "1"]
[WhiteTeam "le-tex Publishing Services Leipzig"]
[BlackTeam "Baubehoerde Hamburg"]
[WhiteTeamCountry "GER"]
[BlackTeamCountry "GER"]

1. e4 e5 2. Bc4 Bc5 3. Nf3 d6 4. d3 Nf6 5. h3 h6 6. c3 O-O 7. O-O Nc6 8. b4 Bb6
9. Nbd2 Qe7 10. Nh2 a6 11. Re1 Be6 12. Qf3 Nh7 13. Ng4 Qh4 14. Nf1 Ng5 15. Qg3
Qxg3 16. Nxg3 Bxc4 17. dxc4 Ne6 18. Ne3 Nf4 19. Nd5 Nxd5 20. cxd5 Ne7 21. Be3
Bxe3 22. Rxe3 f5 23. Rd3 fxe4 24. Nxe4 Rf4 25. f3 Raf8 26. c4 Rd8 27. a4 Rf7
28. a5 Nf5 29. Rb1 Nd4 30. b5 axb5 31. cxb5 Ra8 32. Ra3 Ne2+ 33. Kf2 Nf4 34.
Rd1 Rd7 35. h4 Kf8 36. g3 Ng6 37. Rda1 Ne7 38. Nc3 Ke8 39. a6 Ra7 40. g4 Nc8
41. Ke3 Nb6 42. Ke4 Rf7 43. Ne2 Nc4 44. R3a2 Kd7 45. Rc2 Nb6 46. f4 exf4 47.
Nxf4 Re7+ 48. Kd4 Re5 49. h5 Kd8 50. Ne6+ {ZU} 1-0

[Event "XVI. DBMM Schach"]
[Site "Dresden"]
[Date "2016.11.05"]
[Round "4.4"]
[White "Raum, Norbert"]
[Black "Hartmann, Uwe"]
[Result "0-1"]
[WhiteElo "1816"]
[BlackElo "1964"]
[Annotator "br"]
[PlyCount "134"]
[EventDate "2016.11.??"]
[SourceTitle "XVI. DBMM 2016"]
[Source "FV Schach e.V."]
[SourceDate "2017.06.14"]
[SourceVersion "1"]
[SourceVersionDate "2017.06.14"]
[SourceQuality "1"]
[WhiteTeam "Baubehoerde Hamburg"]
[BlackTeam "le-tex Publishing Services Leipzig"]
[WhiteTeamCountry "GER"]
[BlackTeamCountry "GER"]

1. Nf3 d5 2. g3 Nf6 3. Bg2 c5 4. O-O Nc6 5. d4 e6 6. c4 Be7 7. cxd5 Nxd5 8.
dxc5 Bxc5 9. e4 Ndb4 10. Qxd8+ Kxd8 11. Na3 Ke7 12. Rd1 f6 13. e5 Bd7 14. exf6+
gxf6 15. Bh6 Rhd8 16. Rac1 Bb6 17. Nc4 Nxa2 18. Ra1 Nab4 19. Nh4 Be8 20. Re1
Bg6 21. Bh3 Nd4 22. Nxb6 axb6 23. Rxa8 Rxa8 24. Be3 Nbc2 25. Rd1 Nxe3 26. fxe3
Nc6 27. Bg2 Ra2 28. Rd2 Na5 29. Nxg6+ hxg6 30. Rc2 Nc6 31. Kf2 Kd6 32. h4 b5
33. Rd2+ Kc5 34. Bxc6 Kxc6 35. Rc2+ Kb6 36. Rd2 Kc6 37. g4 b4 38. h5 gxh5 39.
gxh5 Ra5 40. Rc2+ Kd6 41. Rd2+ Ke7 42. Rd4 Rxh5 43. Rxb4 b5 44. Ke2 Kd6 45. Kd3
Kc5 46. Rf4 f5 47. b4+ Kd5 48. Rd4+ Kc6 49. Kc3 Rh1 50. Rd8 Rc1+ 51. Kb3 Re1
52. Rc8+ Kd6 53. Rc3 Ke5 54. Rc5+ Ke4 55. Rxb5 Rxe3+ 56. Kc4 f4 57. Rb8 f3 58.
Rf8 Re1 59. Kc5 e5 60. b5 Ke3 61. b6 f2 62. b7 Rb1 63. Kc6 e4 64. Rf5 Rxb7 65.
Kxb7 Ke2 66. Rf4 e3 67. Kc6 f1=Q 0-1

[Event "XVI. DBMM Schach"]
[Site "Dresden"]
[Date "2016.11.05"]
[Round "4.1"]
[White "Gottschalk, Jens"]
[Black "Gempe, Thomas"]
[Result "1-0"]
[WhiteElo "2282"]
[BlackElo "2209"]
[Annotator "br"]
[PlyCount "79"]
[EventDate "2016.11.??"]
[SourceTitle "XVI. DBMM 2016"]
[Source "FV Schach e.V."]
[SourceDate "2017.06.14"]
[SourceVersion "1"]
[SourceVersionDate "2017.06.14"]
[SourceQuality "1"]
[WhiteTeam "R + V Versicherung Wiesbaden"]
[BlackTeam "ADAC Muenchen"]
[WhiteTeamCountry "GER"]
[BlackTeamCountry "GER"]

1. d4 Nf6 2. c4 g6 3. Nc3 d5 4. cxd5 Nxd5 5. e4 Nxc3 6. bxc3 Bg7 7. Bc4 c5 8.
Ne2 O-O 9. O-O Nc6 $11 10. Be3 Bg4 11. f3 Na5 12. Bd3 cxd4 13. cxd4 Be6 14. d5
Bxa1 15. Qxa1 f6 16. Bh6 Re8 17. Kh1 Bd7 18. Nf4 e5 19. dxe6 Bxe6 20. Bb5 Qe7
21. Bxe8 Rxe8 22. Rd1 Nc6 23. h3 Rd8 24. Nd5 Bxd5 25. Rxd5 Rxd5 26. exd5 Nb4
27. Qd4 Qe1+ 28. Kh2 Qe5+ 29. Qxe5 fxe5 30. d6 Kf7 31. d7 Nc6 32. Bg5 Ke6 33.
d8=Q Nxd8 34. Bxd8 Kd5 35. Kg3 e4 36. fxe4+ Kxe4 37. Kg4 Ke3 38. Kg5 Kf2 39.
Kh6 Kxg2 40. h4 1-0

[Event "XVI. DBMM Schach"]
[Site "Dresden"]
[Date "2016.11.05"]
[Round "4.2"]
[White "Haas, Peter"]
[Black "Seidler, Lukas"]
[Result "1/2-1/2"]
[WhiteElo "2098"]
[BlackElo "2196"]
[Annotator "br"]
[PlyCount "36"]
[EventDate "2016.11.??"]
[SourceTitle "XVI. DBMM 2016"]
[Source "FV Schach e.V."]
[SourceDate "2017.06.14"]
[SourceVersion "1"]
[SourceVersionDate "2017.06.14"]
[SourceQuality "1"]
[WhiteTeam "ADAC Muenchen"]
[BlackTeam "R + V Versicherung Wiesbaden"]
[WhiteTeamCountry "GER"]
[BlackTeamCountry "GER"]

1. e4 e5 2. Nf3 Nc6 3. Bb5 a6 4. Ba4 Nf6 5. O-O b5 6. Bb3 Be7 7. Re1 d6 8. c3
Na5 9. Bc2 c5 10. h3 O-O 11. d4 Nc6 12. d5 Nb8 13. Nbd2 Kh8 14. Nf1 Ng8 15. Ng3
g6 16. b4 Nd7 17. a4 Bb7 18. Be3 Qc7 1/2-1/2

[Event "XVI. DBMM Schach"]
[Site "Dresden"]
[Date "2016.11.05"]
[Round "4.3"]
[White "Werner, Gregor"]
[Black "Gempe, Anet"]
[Result "1/2-1/2"]
[WhiteElo "2128"]
[BlackElo "2027"]
[Annotator "br"]
[PlyCount "72"]
[EventDate "2016.11.??"]
[SourceTitle "XVI. DBMM 2016"]
[Source "FV Schach e.V."]
[SourceDate "2017.06.14"]
[SourceVersion "1"]
[SourceVersionDate "2017.06.14"]
[SourceQuality "1"]
[WhiteTeam "R + V Versicherung Wiesbaden"]
[BlackTeam "ADAC Muenchen"]
[WhiteTeamCountry "GER"]
[BlackTeamCountry "GER"]

1. d4 e6 2. e4 d5 3. Nc3 Nf6 4. Bg5 Be7 5. e5 Nfd7 6. Bxe7 Qxe7 7. f4 O-O 8.
Nf3 c5 9. Qd2 Nc6 10. dxc5 Nxc5 11. O-O-O a6 12. Kb1 b5 13. Bd3 b4 14. Ne2 a5
15. Ned4 Nxd4 16. Nxd4 Ba6 17. Qe3 Bxd3 18. cxd3 Rfc8 19. Nb5 Na4 20. Rc1 h6
21. Nd6 Rcb8 22. Ka1 Qa7 23. Qxa7 Rxa7 24. Rc6 Nb6 25. Rxb6 Rxb6 26. Nc8 Rbb7
27. Nxa7 Rxa7 28. Rc1 Kf8 29. Kb1 h5 30. Rc8+ Ke7 31. Kc2 Kd7 32. Rg8 g6 33.
Kb3 Kc6 34. Rc8+ Kb5 35. Rb8+ Kc5 36. Kc2 Kd4 1/2-1/2

[Event "XVI. DBMM Schach"]
[Site "Dresden"]
[Date "2016.11.05"]
[Round "4.4"]
[White "Weidl, Robert"]
[Black "Launert, Martin"]
[Result "1-0"]
[WhiteElo "1909"]
[BlackElo "1880"]
[Annotator "br"]
[PlyCount "83"]
[EventDate "2016.11.??"]
[SourceTitle "XVI. DBMM 2016"]
[Source "FV Schach e.V."]
[SourceDate "2017.06.14"]
[SourceVersion "1"]
[SourceVersionDate "2017.06.14"]
[SourceQuality "1"]
[WhiteTeam "ADAC Muenchen"]
[BlackTeam "R + V Versicherung Wiesbaden"]
[WhiteTeamCountry "GER"]
[BlackTeamCountry "GER"]

1. e4 e5 2. Nf3 Nc6 3. Bc4 Bc5 4. b4 Bxb4 5. c3 Bc5 6. d4 exd4 7. cxd4 Bb4+ 8.
Bd2 Bxd2+ 9. Qxd2 d6 10. O-O Nge7 11. Nc3 O-O 12. Qf4 Ng6 13. Qg3 Nce7 14. h4
Be6 15. d5 Bd7 16. h5 Ne5 17. Nxe5 dxe5 18. Qxe5 Nc8 19. Qg3 h6 20. Bd3 Nb6 21.
f4 Na4 22. Nxa4 Bxa4 23. Rab1 Rb8 24. Qe3 b6 25. Rf3 Qd6 26. Rc1 f5 27. Rg3 Be8
28. Qd4 Qf6 29. e5 Qh4 30. Rh3 Qg4 31. Rxc7 Bxh5 32. e6 Rf6 33. Qe3 Rg6 34. Bf1
Qd1 35. e7 Re8 36. Rd7 Bg4 37. Rg3 Qa4 38. Rd8 Kf7 39. Rxe8 Kxe8 40. Qe5 Qd7
41. Re3 Qd6 42. Bb5+ 1-0

[Event "XVI. DBMM Schach"]
[Site "Dresden"]
[Date "2016.11.05"]
[Round "4.1"]
[White "Koscielski, Janusz"]
[Black "Limbourg, Philipp"]
[Result "1/2-1/2"]
[WhiteElo "2332"]
[BlackElo "2206"]
[Annotator "br"]
[PlyCount "102"]
[EventDate "2016.11.??"]
[SourceTitle "XVI. DBMM 2016"]
[Source "FV Schach e.V."]
[SourceDate "2017.06.14"]
[SourceVersion "1"]
[SourceVersionDate "2017.06.14"]
[SourceQuality "1"]
[WhiteTeam "Ev. Kinderheim Herne und Wanne-Eickel"]
[BlackTeam "RWE Essen"]
[WhiteTeamCountry "GER"]
[BlackTeamCountry "GER"]

1. e4 c5 2. Nf3 Nc6 3. Bb5 e5 4. O-O Nge7 5. Re1 g6 6. d3 Bg7 7. Bg5 h6 8. Bxe7
Qxe7 9. Nc3 O-O 10. Nd5 Qd8 11. a4 d6 12. c3 Bg4 13. Ne3 Be6 14. Bc4 Qd7 15.
Nd2 h5 16. Bd5 Bh6 17. Ndc4 Bxe3 18. Nxe3 Ne7 19. Qb3 Bxd5 20. Nxd5 Nxd5 21.
Qxd5 Qc6 22. Qc4 Rab8 23. Re2 Qa6 24. Ree1 Qxc4 25. dxc4 f6 26. Rad1 Rbd8 27.
Rd5 Kf7 28. g3 g5 29. Red1 Ke7 30. Kg2 g4 31. h3 gxh3+ 32. Kxh3 f5 33. exf5 Rf6
34. f3 Rh8 35. f4 exf4 36. gxf4 Rhf8 37. Rg1 Rxf5 38. Rg7+ Ke6 39. Rg6+ R8f6
40. Rxf6+ Rxf6 41. Kg3 Rg6+ 42. Kf3 Rh6 43. f5+ Ke7 44. Kg3 h4+ 45. Kh3 Rh7 46.
Rd2 b6 47. b4 Kf6 48. Rxd6+ Kxf5 49. Rd5+ Ke4 50. bxc5 bxc5 51. a5 Rh6 1/2-1/2

[Event "XVI. DBMM Schach"]
[Site "Dresden"]
[Date "2016.11.05"]
[Round "4.2"]
[White "Eggenstein, Frank"]
[Black "Heimsoth, Sven Holger"]
[Result "0-1"]
[WhiteElo "2032"]
[BlackElo "2157"]
[Annotator "br"]
[PlyCount "66"]
[EventDate "2016.11.??"]
[SourceTitle "XVI. DBMM 2016"]
[Source "FV Schach e.V."]
[SourceDate "2017.06.14"]
[SourceVersion "1"]
[SourceVersionDate "2017.06.14"]
[SourceQuality "1"]
[WhiteTeam "RWE Essen"]
[BlackTeam "Ev. Kinderheim Herne und Wanne-Eickel"]
[WhiteTeamCountry "GER"]
[BlackTeamCountry "GER"]

1. e4 e6 2. d4 d5 3. e5 c5 4. c3 Nc6 5. Nf3 Qb6 6. a3 Bd7 7. Be2 cxd4 8. cxd4
Rc8 9. O-O Nh6 10. b4 Nf5 11. Bb2 Be7 12. Qd2 h5 13. Rd1 Rg8 14. h4 Nxh4 15.
Nxh4 Bxh4 16. Bxh5 Rh8 17. Bf3 Nxe5 18. Be2 Nc4 19. Qc3 Qd6 20. Bc1 Bg5 21. g3
Qe7 22. f4 Bf6 23. Qd3 Nd6 24. Nc3 Nf5 25. Be3 Nxg3 26. Bg4 Rh4 27. Bf3 Nf5 28.
Bf2 Rxf4 29. Ne2 Qd6 30. Re1 Bh4 31. Nxf4 Bxf2+ 32. Kxf2 Qxf4 33. Rad1 Rc4 0-1

[Event "XVI. DBMM Schach"]
[Site "Dresden"]
[Date "2016.11.05"]
[Round "4.3"]
[White "Leveikina, Jevgenija      ML"]
[Black "Broszeit, Peter"]
[Result "0-1"]
[WhiteElo "2116"]
[BlackElo "1970"]
[Annotator "br"]
[PlyCount "82"]
[EventDate "2016.11.??"]
[SourceTitle "XVI. DBMM 2016"]
[Source "FV Schach e.V."]
[SourceDate "2017.06.14"]
[SourceVersion "1"]
[SourceVersionDate "2017.06.14"]
[SourceQuality "1"]
[WhiteTeam "Ev. Kinderheim Herne und Wanne-Eickel"]
[BlackTeam "RWE Essen"]
[WhiteTeamCountry "GER"]
[BlackTeamCountry "GER"]

1. d4 Nf6 2. Nf3 c5 3. c3 d5 4. Bf4 Nc6 5. e3 Qb6 6. Qb3 c4 7. Qxb6 axb6 8. Na3
Bf5 9. Be2 e6 10. Nb5 Kd7 11. O-O Ra5 12. a4 Be7 13. Ne5+ Nxe5 14. dxe5 Ne4 15.
Nd4 Rha8 16. f3 Nc5 17. e4 Bg6 18. b4 cxb3 19. Bb5+ Rxb5 20. axb5 Rxa1 21. Rxa1
b2 22. Rd1 Na4 23. Ne2 Bc5+ 24. Kf1 Kc8 25. exd5 exd5 26. Bd2 b1=Q 27. Rxb1
Bxb1 28. Nf4 d4 29. cxd4 Bxd4 30. e6 fxe6 31. Nxe6 Bd3+ 32. Ke1 Bf6 33. Bg5 Nc5
34. Bxf6 gxf6 35. Nd4 Kd7 36. Kd2 Bf1 37. g3 Ne6 38. Nc2 Bxb5 39. Ne3 Bc6 40.
Ng4 Ke7 41. f4 Bf3 0-1

[Event "XVI. DBMM Schach"]
[Site "Dresden"]
[Date "2016.11.05"]
[Round "4.4"]
[White "Broksch, Dirk"]
[Black "Selmanaj, Agim"]
[Result "1-0"]
[WhiteElo "1902"]
[BlackElo "1643"]
[Annotator "br"]
[PlyCount "59"]
[EventDate "2016.11.??"]
[SourceTitle "XVI. DBMM 2016"]
[Source "FV Schach e.V."]
[SourceDate "2017.06.14"]
[SourceVersion "1"]
[SourceVersionDate "2017.06.14"]
[SourceQuality "1"]
[WhiteTeam "RWE Essen"]
[BlackTeam "Ev. Kinderheim Herne und Wanne-Eickel"]
[WhiteTeamCountry "GER"]
[BlackTeamCountry "GER"]

1. e3 g6 2. Nc3 Bg7 3. d4 d6 4. f4 Nc6 5. Nf3 Bd7 6. b3 e5 7. Bb2 exd4 8. exd4
Nf6 9. Qd2 O-O 10. O-O-O Re8 11. h3 Ne4 12. Nxe4 Rxe4 13. Bd3 Re7 14. g4 Qf8
15. Kb1 f5 16. Bc4+ Kh8 17. g5 Rae8 18. h4 d5 19. Bxd5 Re2 20. Qc1 Nb4 21. Ba3
b5 22. Ne5 Bxe5 23. dxe5 c5 24. Bxb4 cxb4 25. Bf3 Rf2 26. Qe3 Rxf3 27. Qxf3 Qe7
28. h5 Rg8 29. Qb7 Rg7 30. hxg6 1-0